Tác giả trong nhà trường : Nguyễn tuân

Nội dung nêu lên một vài nét chấm phá về văn nghiệp của một số tác giả tiêu biểu trong nền văn học Việt Nam nhằm đáp ứng nhu cầu độc giả phổ thông, đặc biệt là giáo viên và học sinh, sinh viên trong nhà trương...

Full description

Saved in:
Bibliographic Details
Format: Book
Language:Undetermined
Published: Hà Nội Văn học 2007
Subjects:
Tags: Add Tag
No Tags, Be the first to tag this record!
Institutions: Trung tâm Học liệu Trường Đại học Cần Thơ
LEADER 00927nam a2200205Ia 4500
001 CTU_128142
008 210402s9999 xx 000 0 und d
020 |c 31000 
082 |a 895.9228309 
082 |b T101 
245 0 |a Tác giả trong nhà trường : 
245 0 |b Nguyễn tuân 
260 |a Hà Nội 
260 |b Văn học 
260 |c 2007 
520 |a Nội dung nêu lên một vài nét chấm phá về văn nghiệp của một số tác giả tiêu biểu trong nền văn học Việt Nam nhằm đáp ứng nhu cầu độc giả phổ thông, đặc biệt là giáo viên và học sinh, sinh viên trong nhà trương 
650 |a Vietnamese literature,Văn học Việt Nam 
650 |x History and criticism,Lịch sử và phê bình 
904 |i Tuyến 
980 |a Trung tâm Học liệu Trường Đại học Cần Thơ